00233nam a2200073Ia 4500008004100000082000800041100002600049245008400075240331s9999 xx 000 0 und d bDIS aDissanayaka, T.D.S.A. 0aWar or peace in Sri Lanka :ban in-depth account of the current quest for peace